Loading...
Literature - European Literature | 0 | 3 | 0 | 0 | 30 | 64 | 98.33 | 0 | 1 |
Literature - World Literature | 0 | 3 | 0 | 0 | 30 | 29 | 77.33 | 0 | 1 |
Fine Arts - Other Fine Arts | 0 | 3 | 0 | 0 | 30 | 60 | 81.33 | 0 | 1 |
Social Science | 0 | 2 | 0 | 1 | 20 | 54 | 79.50 | 0 | 1 |
History - American History | 0 | 2 | 0 | 1 | 20 | 74 | 88.00 | 0 | 0 |
Literature - American Literature | 0 | 2 | 0 | 0 | 20 | 48 | 73.00 | 0 | 1 |
Science - Other Science | 0 | 2 | 0 | 2 | 20 | 106 | 108.50 | 0 | 0 |
Science - Biology | 0 | 2 | 1 | 0 | 15 | 58 | 73.00 | 0 | 1 |
Fine Arts - Classical Music | 0 | 2 | 1 | 0 | 15 | 84 | 100.00 | 0 | 0 |
Religion | 0 | 2 | 1 | 0 | 15 | 84 | 86.00 | 0 | 1 |
Pop Culture | 0 | 1 | 0 | 0 | 10 | 58 | 58.00 | 0 | 0 |
History - World History | 0 | 1 | 0 | 0 | 10 | 88 | 88.00 | 0 | 0 |
Literature - British Literature | 0 | 1 | 0 | 0 | 10 | 30 | 30.00 | 0 | 1 |
Painting/Sculpture | 0 | 1 | 0 | 1 | 10 | 115 | 115.00 | 0 | 0 |
Science - Chemistry | 0 | 1 | 0 | 0 | 10 | 73 | 73.00 | 0 | 0 |
History - European History | 0 | 1 | 0 | 0 | 10 | 104 | 104.00 | 0 | 0 |
Geography | 0 | 1 | 1 | 0 | 5 | 63 | 63.00 | 0 | 1 |
Current Events | 0 | 1 | 2 | 0 | 0 | 75 | 75.00 | 0 | 0 |
Science - Physics | 0 | 0 | 1 | 0 | -5 | 0.00 | 0 | 0 |